Kurt Waldheim - Statistics

General Stats
  • This quiz has been taken 6 times
  • The average score is 8 of 15
Answer Stats
Hint Answer % Correct
Name the country that Waldheim was born Austria
100%
Name the pope that awarded Waldheim a knighthood in the Order of Pius IX and his wife a papal honor Pope John Paul II
83%
Name the position that Kurt Waldheim after he resigned the previous position in 1981 President of Austria
83%
Name the position that Kurt Waldheim hold from 1972 to 1981, in which he was famous for Secretary General
83%
This man awarded Waldheim one of the highest Yugoslav orders, not knowing the details of his prior military service Tito
83%
Name the country that vetoed Waldheim during his first election in 1971 China
67%
Name the person preceded him as the position mentioned above U Thant
67%
This man refused to see Waldheim when Waldhelm flew to Iran in an attempt to negotiate in 1980 Ayatollah Khomeini
50%
This man send Waldheim a telegram saying that he "applauded the massacre of the Israeli Olympic athletes in Munich" Idi Amin
33%
Waldheim was the first Secretary-General to visit this country North Korea
33%
Name the Jewish origin former Austrian chancellor who claimed that Austrians would not "allow the Jews abroad to ... tell us who should be our President" in the Waldheim Affair Bruno Kreisky
17%
Name the specific type of Nazi army Waldheim served in, later raising a dispute Heer (army)
17%
Name the city where Waldheim was a gymnasium student Klosterneuburg
17%
Name the status that the United States officially deemed Waldheim as throughout his term from 1986 to 1992 persona non grata
17%
In 1977, Waldheim recorded a greeting for a pair of disc. The craft containing it also inscribed with a written message from then U.S. President Jimmy Carter Voyager Golden Records
0%
No matching quizzes found
Score Distribution
Percent of People with Each Score
Percentile by Number Answered
Your Score History
You have not taken this quiz